000
00281nam a2200121Ia 4500
008
190216s9999||||xx |||||||||||||| ||und||
100
_a
Vaish M C
245
0
_a
Macro Economic Theory
260
_b
Vikas Publishing House
_c
1973
300
_a
510p
650
_a
Economics
942
_c
BK
999
_c
9745
_d
9745